| 000 | 00654nas a2200241Ia 4500 | ||
|---|---|---|---|
| 001 | A07/R085-14589 [r000012062] | ||
| 003 | IT-MiCISF | ||
| 005 | 20230206100507.0 | ||
| 008 | 161014c99999999xx |||||||||||| ||und|| | ||
| 040 |
_aIT-MiCISF _cIT-MiCISF |
||
| 041 | _aITALIANO | ||
| 100 |
_aGiovanni Paolo II _9306 |
||
| 245 | 0 | _aLettera alle famiglie | |
| 250 | _a"La coppia giovane" | ||
| 260 | _c1994 | ||
| 300 | _app. 1-46 | ||
| 362 | _an. 1, 1994 | ||
| 500 | _afamiglia, aif, bibbia, amore, coniugi, spiritualità-coniugale, procreazione-responsabile | ||
| 650 |
_aFamiglia _956036 |
||
| 654 | _arivista | ||
| 942 |
_cCR _2ddc |
||
| 999 |
_c223925 _d223925 |
||
| 999 | _bSi | ||